Moravská zemská zřízení a kodifikace zemského práva ve střední Evropě v 16. a na začátku 17. století
| Titel: | Moravská zemská zřízení a kodifikace zemského práva ve střední Evropě v 16. a na začátku 17. století / Jana Janišová, Dalibor Janiš |
|---|---|
| Verfasser: | ; |
| Ausgabe: | Vydání první |
| Veröffentlicht: | Praha; [Dolní Břežany] : Scriptorium, 2016 |
| Umfang: | 478 Seiten : Illustrationen, Faksimiles, Porträts, Wappen |
| Format: | Buch |
| Sprache: | Tschechisch |
| ISBN: | 9788088013372 |
| Hinweise zum Inhalt: |
Literaturverzeichnis
Inhaltsverzeichnis |
alg: 45410122 001A $03025:11-10-19 001B $03025:25-08-21 $t13:18:19.000 001D $03025:11-10-19 001U $0utf8 001X $00 002@ $0Aax 002C $aText $btxt $2rdacontent 002D $aohne Hilfsmittel zu benutzen $bn $2rdamedia 002E $aBand $bnc $2rdacarrier 003@ $0454101228 003O $0973567628 $aOCoLC 004A $A978-80-88013-37-2 006C $0973567628 $aOCoLC 007A $0BV044044325 $aBVB 007G $0DE0209FD90E1BABF5962CC125869B00383D38 009P $qapplication/pdf $3Literaturverzeichnis $uhttp://bvbr.bib-bvb.de:8991/F?func=service&doc_library=BVB01&local_base=BVB01&doc_number=029451300&sequence=000002&line_number=0002&func_code=DB_RECORDS&service_type=MEDIA $mDigitalisierung BSB Muenchen 19 - ADAM Catalogue Enrichment 009P $qapplication/pdf $A2 $3Inhaltsverzeichnis $uhttp://scans.hebis.de/HEBCGI/show.pl?45410122_toc.pdf $mV:DE-603;B:DE-Mb50 010@ $acze 010E $erda 011@ $a2016 $n2016 021A $aMoravská zemská zřízení a kodifikace zemského práva ve střední Evropě v 16. a na začátku 17. století $hJana Janišová, Dalibor Janiš 028A $BVerfasser $4aut $71082447811 $8Janišová, Jana$Z1978- [Tp3] $9369818350 028C $BVerfasser $4aut $714255118X $8Janiš, Dalibor$Z1973- [Tp3] $9227910931 032@ $aVydání první 033A $pPraha $p[Dolní Břežany] $nScriptorium 034D $a478 Seiten 034M $aIllustrationen, Faksimiles, Porträts, Wappen 037A $aAuf der Titelseite Verlagsort: Praha, im Kolophon: Dolní Břežany 037A $aQuellen- und Literaturangaben: Seite 401-438 044K $qBVB $RBöhmische Länder $RMähren-Schlesien $#Mähren $#Markgrafschaft Mähren $#Kronland Mähren $#Morava $#Markrabství Moravské $#Moravia $#Mehren $#מעהרין $#מדינת מעהרין $74074432-2 $8Mähren [Tg1] $9085209619 044K $qBVB $RLandrecht $#Landtafel $#Landlauf $74403430-1 $8Landesordnung [Ts1] $9088545849 044K $qBVB $RLandesordnung $74034332-7 $8Landrecht [Ts1] $9085092150 044K $qBVB $#Law and legislation $#Law $#Jurisprudence $#Droit $#Derecho $#law $#Recht $#Recht $74048737-4 $8Recht [Tsz] $9085135747 045F $a340.09 $eDDC23BSB 045F/01 $a340.09 045F/03 $f09031 045F/03 $f09032 045F/03 $g4372 045R $aGeschichte 1500-1620 045T $aOST $qDE-12 $2FID 046L $aEnglische Zusammenfassung: The Moravian provincial code and the codification of provincial law in Central Europe in the 16th and the early 17th centuries; deutsche Zusammenfassung: Mährische Landesordnungen und Landrechtkodifizierung in Mitteleuropa im 16. und frühen 17. Jahrhundert lok: 45410122 24 exp: 45410122 24 1 #EPN 201B/01 $010-12-20 $t15:41:22.000 201C/01 $004-11-20 201U/01 $0utf8 203@/01 $01127767518 208@/01 $a10-12-20 $bz 209A/01 $a20.04693 $du $f050 $h20 04693 $x00 209C/01 $a20.04693 T $h20 04693 T 209G/01 $a74244963 $x00 220C/01 $akon 247C/01 $8358050-7Marburg, Bibliothek des Herder-Instituts Marburg $9102600961 lok: 45410122 78 exp: 45410122 78 1 #EPN 201B/01 $025-08-21 $t13:17:04.000 201C/01 $011-10-19 201U/01 $0utf8 203@/01 $01063671353 208@/01 $a11-10-19 $be 209A/01 $a/ $f000 $x00 209A/01 $ab*p $x01 209A/01 $aBetr. am Rande auch Schlesien $x03 220C/01 $apgar 244Z/01 $#Böhmische Kronländer $#Länder der Böhmischen Krone $#Sudetenland $#Böhmen $#Mähren $#Mährisch-Schlesien $#Österreichisch-Schlesien $#Tschechische Sozialistische Republik Böhmische Länder $#Tschechei Böhmische Länder $#Země koruny české $74069573-6 $8--Tg1--Böhmische Länder $x01 $9085195553 244Z/01 $#Schlesien $#Schlesien $#Herzogtum Schlesien $#Herzogtum Schlesien Schlesien $#Provinz Schlesien $#Śla̜sk $#Slezsko $#Silesia $74052678-1 $8--Tg1--Schlesien $x02 $9085146781 247C/01 $82080>Marburg/Lahn, Herder-Institut, Forschungsbibliothek, Bibliographieportal $9336309341
| LEADER | 00000cam a22000002c 4500 | ||
|---|---|---|---|
| 001 | 454101228 | ||
| 003 | DE-603 | ||
| 005 | 20210825131819.0 | ||
| 007 | tu | ||
| 008 | 191011s2016 xx |||| | u00||u|cze c | ||
| 020 | |a 9788088013372 | ||
| 035 | |a (DE-599)BVBBV044044325 | ||
| 035 | |a (OCoLC)973567628 | ||
| 040 | |a DE-603 |b ger |c DE-603 |d DE-603 |e rda | ||
| 041 | |a cze | ||
| 082 | 0 | 4 | |8 1\u |a 340.09 |q DE-101 |2 23/BSB |
| 084 | |a OST |q DE-12 |2 fid | ||
| 085 | |8 1\u |b 340.09 | ||
| 085 | |8 1\u |z 1 |s 09031 | ||
| 085 | |8 1\u |z 1 |s 09032 | ||
| 085 | |8 1\u |z 2 |s 4372 | ||
| 100 | 1 | |a Janišová, Jana |d 1978- |e Verfasser |4 aut |0 (DE-603)369818350 |0 (DE-588)1082447811 |2 gnd | |
| 245 | 0 | 0 | |a Moravská zemská zřízení a kodifikace zemského práva ve střední Evropě v 16. a na začátku 17. století |c Jana Janišová, Dalibor Janiš |
| 250 | |a Vydání první | ||
| 264 | 1 | |a Praha |a [Dolní Břežany] |b Scriptorium |c 2016 | |
| 300 | |a 478 Seiten |b Illustrationen, Faksimiles, Porträts, Wappen | ||
| 336 | |a Text |b txt |2 rdacontent | ||
| 337 | |a ohne Hilfsmittel zu benutzen |b n |2 rdamedia | ||
| 338 | |a Band |b nc |2 rdacarrier | ||
| 500 | |a Auf der Titelseite Verlagsort: Praha, im Kolophon: Dolní Břežany | ||
| 500 | |a Quellen- und Literaturangaben: Seite 401-438 | ||
| 546 | |a Englische Zusammenfassung: The Moravian provincial code and the codification of provincial law in Central Europe in the 16th and the early 17th centuries; deutsche Zusammenfassung: Mährische Landesordnungen und Landrechtkodifizierung in Mitteleuropa im 16. und frühen 17. Jahrhundert | ||
| 648 | 7 | |a Geschichte 1500-1620 |2 gnd | |
| 650 | 7 | |a Landesordnung |0 (DE-588)4403430-1 |0 (DE-603)088545849 |2 gnd | |
| 650 | 7 | |a Landrecht |0 (DE-588)4034332-7 |0 (DE-603)085092150 |2 gnd | |
| 650 | 7 | |a Recht |0 (DE-588)4048737-4 |0 (DE-603)085135747 |2 gnd | |
| 651 | 7 | |a Mähren |0 (DE-588)4074432-2 |0 (DE-603)085209619 |2 gnd | |
| 700 | 1 | |a Janiš, Dalibor |d 1973- |e Verfasser |4 aut |0 (DE-603)227910931 |0 (DE-588)14255118X |2 gnd | |
| 856 | 4 | 2 | |m Digitalisierung BSB Muenchen 19 - ADAM Catalogue Enrichment |q application/pdf |u http://bvbr.bib-bvb.de:8991/F?func=service&doc_library=BVB01&local_base=BVB01&doc_number=029451300&sequence=000002&line_number=0002&func_code=DB_RECORDS&service_type=MEDIA |3 Literaturverzeichnis |
| 856 | 4 | 2 | |m V:DE-603;B:DE-Mb50 |q application/pdf |u http://scans.hebis.de/HEBCGI/show.pl?45410122_toc.pdf |3 Inhaltsverzeichnis |
| 924 | 0 | |9 Mb 50 |a (DE-603)1127767518 |b DE-Mb50 |c HES |d c |g 20.04693 | |
| 924 | 0 | |9 2080 |a (DE-603)1063671353 |b DE-2080 |c HES |d d |g / | |


